<?xml version="1.0" encoding="UTF-8"?><?xml-stylesheet type="text/xsl" href="static/style.xsl"?><OAI-PMH xmlns="http://www.openarchives.org/OAI/2.0/" xmlns:xsi="http://www.w3.org/2001/XMLSchema-instance" xsi:schemaLocation="http://www.openarchives.org/OAI/2.0/ http://www.openarchives.org/OAI/2.0/OAI-PMH.xsd"><responseDate>2026-04-17T03:00:40Z</responseDate><request verb="GetRecord" identifier="oai:www.recercat.cat:2445/197885" metadataPrefix="marc">https://recercat.cat/oai/request</request><GetRecord><record><header><identifier>oai:recercat.cat:2445/197885</identifier><datestamp>2025-12-05T14:39:22Z</datestamp><setSpec>com_2072_1057</setSpec><setSpec>col_2072_478861</setSpec><setSpec>col_2072_478917</setSpec></header><metadata><record xmlns="http://www.loc.gov/MARC21/slim" xmlns:dcterms="http://purl.org/dc/terms/" xmlns:xsi="http://www.w3.org/2001/XMLSchema-instance" xmlns:doc="http://www.lyncode.com/xoai" xsi:schemaLocation="http://www.loc.gov/MARC21/slim http://www.loc.gov/standards/marcxml/schema/MARC21slim.xsd">
   <leader>00925njm 22002777a 4500</leader>
   <datafield ind2=" " ind1=" " tag="042">
      <subfield code="a">dc</subfield>
   </datafield>
   <datafield ind2=" " ind1=" " tag="720">
      <subfield code="a">Villamor Ordozgoiti, Alberto</subfield>
      <subfield code="e">author</subfield>
   </datafield>
   <datafield ind2=" " ind1=" " tag="720">
      <subfield code="a">Priu Parra, Inmaculada</subfield>
      <subfield code="e">author</subfield>
   </datafield>
   <datafield ind2=" " ind1=" " tag="720">
      <subfield code="a">Espana Salvador, Maria Carmen</subfield>
      <subfield code="e">author</subfield>
   </datafield>
   <datafield ind2=" " ind1=" " tag="720">
      <subfield code="a">Torres Valdes, Constancia</subfield>
      <subfield code="e">author</subfield>
   </datafield>
   <datafield ind2=" " ind1=" " tag="720">
      <subfield code="a">Bas Ciutad, Maria Pilar</subfield>
      <subfield code="e">author</subfield>
   </datafield>
   <datafield ind2=" " ind1=" " tag="720">
      <subfield code="a">Ponce Quilez, Maria Rosa</subfield>
      <subfield code="e">author</subfield>
   </datafield>
   <datafield ind2=" " ind1=" " tag="260">
      <subfield code="c">2023-05-11T17:19:38Z</subfield>
   </datafield>
   <datafield ind2=" " ind1=" " tag="260">
      <subfield code="c">2023-05-11T17:19:38Z</subfield>
   </datafield>
   <datafield ind2=" " ind1=" " tag="260">
      <subfield code="c">2017-02-01</subfield>
   </datafield>
   <datafield ind2=" " ind1=" " tag="260">
      <subfield code="c">2023-05-11T17:19:38Z</subfield>
   </datafield>
   <datafield ind2=" " ind1=" " tag="520">
      <subfield code="a">Objetivo: Conocer la calidad del descanso nocturno tras una intervención para minimizar la presencia de luz y el ruido nocturnos en las áreas de observación de urgencias (AOU) de un hospital urbano. Metodo: Se realiza un ensayo clínico cuasiexperimental con un grupo preintervención (Grupo PRE) y otro posterior (Grupo POS) a la intervención, mediante cuestionario ad hoc sobre repercusión de luz y ruido en la calidad del descanso nocturno en el AOU del Hospital Clínic de Barcelona. La intervención consistió en cambios estructurales para reducir luz y el ruido ambientales, así como la instauración de un procedimiento normalizado de trabajo para modificar los planes de cuidados nocturnos. Resultados: Se incluyeron en el Grupo PRE 50 enfermos y 371 en el Grupo POS. El grupo PRE declaró haber tenido un buen descanso en un 72% de los casos frente al 91% del grupo POS (p &lt; 0,001). Factores como el dolor, las intervenciones enfermeras o el sueño diurno no repercutieron en la calidad del sueño. Conclusiones: La luz y el ruido ambientales influyen en el descanso nocturno en AOU más que otras variables conocidas. Intervenciones sobre la luz y el ruido pueden mejorar objetivamente el descanso nocturno de los pacientes.</subfield>
   </datafield>
   <datafield tag="653" ind2=" " ind1=" ">
      <subfield code="a">Serveis d'urgències hospitalàries</subfield>
   </datafield>
   <datafield tag="653" ind2=" " ind1=" ">
      <subfield code="a">Cura postoperatòria</subfield>
   </datafield>
   <datafield tag="653" ind2=" " ind1=" ">
      <subfield code="a">Descans</subfield>
   </datafield>
   <datafield tag="653" ind2=" " ind1=" ">
      <subfield code="a">Hospital emergency services</subfield>
   </datafield>
   <datafield tag="653" ind2=" " ind1=" ">
      <subfield code="a">Postoperative care</subfield>
   </datafield>
   <datafield tag="653" ind2=" " ind1=" ">
      <subfield code="a">Rest</subfield>
   </datafield>
   <datafield ind2="0" ind1="0" tag="245">
      <subfield code="a">Intervención para reducir la repercusión en el sueño de la luz y el ruido en áreas de observación de urgencias</subfield>
   </datafield>
</record></metadata></record></GetRecord></OAI-PMH>